00489nam a2200145Ia 4500008004100000041000800041082001200049100002100061245004500082260004100127300003300168365001100201999001500212952011600227240624s9999 xx 000 0 und d aeng a200 TAM aTAMURA MICHAEL J aYOU ARE THE ANSWER A GUIDE TO SELF AWARE c2007aMumbaibJaico Publishing House axviii, : 255 : p. : cm. ; 22 cRSb30 c8286d8286 00104070aIMTNbIMTNcRack 4-Ad2008-01-23ePBg250.00o200 TAMp8286r2024-06-24 00:00:00t1w2024-06-24yBK